Prečo u nás viazne e-biznis?

Chýbajúci zákon o elektronickom podpise, upadajúca vzdelanosť a málo rozvinuté alternatívne infraštruktúry predstavujú brzdy internetovej ekonomiky.

Gespeichert in:
Bibliographische Detailangaben
1. Verfasser: Benka, Marián
Format: Buchkapitel
Sprache:Slowakisch
Schlagworte:
Tags: Tag hinzufügen
Keine Tags, Fügen Sie das erste Tag hinzu!

MARC

LEADER 00000naa a2200000 4500
001 r041127
005 20230920072621.4
041 0 |a slo 
044 |a SK 
245 1 0 |a Prečo u nás viazne e-biznis?  |c Marián Benka 
520 |a Chýbajúci zákon o elektronickom podpise, upadajúca vzdelanosť a málo rozvinuté alternatívne infraštruktúry predstavujú brzdy internetovej ekonomiky. 
610 2 0 |a technológie informačné 
610 2 0 |a technológie komunikačné 
610 2 0 |a počítače 
610 2 0 |a podnikanie 
610 2 0 |a siete počítačové 
100 1 |a Benka, Marián